Sports Quiz

Random Sports or NBA Quiz

2018 NBA duo's Quiz Stats

 Plays Quiz not verified by Sporcle

Support Sporcle.
Go Orange.
Score 0/60 Timer 10:00
0 Plays Today
Hint Answer % Correct
76ersBen Simmons
96.5%
76ersJoel Embiid
95.5%
CavsLebron James
89.7%
CelticsKyrie Irving
89.5%
CavsKevin Love
87.2%
BucksGiannis Antetokounmpo
86.2%
HornetsKemba Walker
83.5%
WarriorsStephen Curry
83.5%
WarriorsKevin Durant
83%
CelticsAl Horford
82.2%
BucksEric Bledsoe
81.7%
BullsZach lavine
81.2%
ThunderRussel Westbrook
79.4%
PistonsBlake Griffin
79.2%
WizardsJohn Wall
78.9%
ThunderPaul George
78.7%
PelicansAnthony Davis
78.2%
RocketsChris Paul
77.9%
Trail BlazersDamian Lillard
77.7%
RocketsJames Harden
77.7%
NetsD'angelo Russell
77.4%
RaptorsKyle Lowry
76.9%
WizardsBradley Beal
76.9%
TimberwolvesKarl Anthony Towns
76.7%
PacersVictor Oladipo
76.2%
TimberwolvesJimmy Butler
76.2%
RaptorsDemar Derozan
75.7%
Trail BlazersC.J Mccollum
74.7%
SunsDevin Booker
74.4%
ClippersDeandre Jordan
74.2%
Hint Answer % Correct
SpursKawhi Leonard
74.2%
GrizzliesMarc Gasol
73.7%
KnicksKristaps Porzingis
73.2%
NuggetsNikola Jokic
72.9%
PistonsAndre Drummond
72.9%
PelicansDemarcus Cousins
72.4%
HeatHassan Whiteside
71.9%
JazzRudy Gobert
71.4%
SpursLamarcus Aldridge
70.4%
GrizzliesMike Conley
70.2%
PacersMyles Turner
66.7%
ClippersLou Williams
66.4%
JazzDonovan Mitchell
66.2%
HeatDwyane Wade
65.9%
MagicAaron Gordon
64.7%
KingsDeaaron Fox
62.9%
NuggetsPaul Millsap
62.7%
BullsKris Dunn
58.9%
HawksDennis Schroder
57.9%
HornetsNicloas Batum
56.6%
MavericksHarrison Barnes
56.4%
LakersJulius Randle
52.9%
KingsBuddy Hield
46.1%
HawksKent Bazemore
44.4%
KnicksEnes Kanter
43.6%
LakersIsaiah Thomas
43.6%
MagicEvan Fournier
40.9%
NetsJeremy Lin
40.4%
SunsMarquese Chriss
22.3%
MavericksDennis Smith Jr
18%

You're not logged in!

Compare scores with friends on all Sporcle quizzes.
OR
Log In

From the Vault

Books Missing 'L' Words

by kfastic

Who even needed those words anyway?
Remove Ads.
Support Sporcle.
Get the best of Sporcle when you Go Orange. This ad-free experience offers more features, more stats, and more fun while also helping to support Sporcle. Thank you for becoming a member.

Show Comments

Extras

Created Feb 9, 2018ReportNominate
Tags:NBA Quiz, 2018

Top Quizzes Today


Score Distribution

Your Account Isn't Verified!

In order to create a playlist on Sporcle, you need to verify the email address you used during registration. Go to your Sporcle Settings to finish the process.

Report this User

Report this user for behavior that violates our Community Guidelines.

Details: